| 000 | 00526nam a22001577a 4500 | ||
|---|---|---|---|
| 999 |
_c534876 _d534876 |
||
| 020 | _qHard Cover. | ||
| 082 | _a621.3678 | ||
| 100 | _aShahid, Saba | ||
| 245 |
_aRemote Sensing Based FATA Agricultural System Characterization for Food Security _cSaba Shahid. |
||
| 260 |
_aIslamabad : _bIGIS - NUST, _c2017. |
||
| 300 |
_axi, 56 p. : ill. ; _c30cm. |
||
| 942 |
_2ddc _cTHE |
||
| 650 |
_aMS Thesis Remote Sensing and GIS. _929221 |
||
| 700 |
_aDr. Javed Iqbal. _925404 |
||